[Event "Challenge"]
[Site "http://www.queenalice.com/game.php?id=1422506"]
[Date "2016.5.11"]
[Round "-"]
[White "Martial"]
[Black "FV2000"]
[Result "1-0"]
[WhiteElo "1552"]
[BlackElo "1100"]

1. e4 e5 2. Nf3 Nf6 3. Bc4 Bc5 4. Nxe5 O-O 5. Qf3 b6 6. Bxf7+ Kh8 7. h3 Qe7 8.
Qf4 d6 9. Ng6+ hxg6 10. Qh4+ Nh7 11. Qxe7 d5 12. Qxc7 Na6 13. Qc6 Rxf7 14. Qxa8
1-0

[Event "Challenge"]
[Site "http://www.queenalice.com/game.php?id=1423024"]
[Date "2016.5.14"]
[Round "-"]
[White "cyrano"]
[Black "Martial"]
[Result "0-1"]
[WhiteElo "1643"]
[BlackElo "1550"]

1. e4 e5 2. g3 Nf6 3. d3 Bb4+ 4. c3 Ba5 5. b4 Bb6 6. a4 a5 7. b5 Ng4 8. Qxg4 Qf6
9. f4 d6 10. Qxc8+ Qd8 11. Qxb7 Nd7 12. Bh3 exf4 13. gxf4 Nc5 14. Qd5 Ne6 15.
Nf3 Qf6 16. Qxa8+ Nd8 17. Qc8 O-O 18. f5 Qe7 19. Ng5 h6 20. Nf3 g6 21. Rg1 Ne6
22. Qb7 Nf4 23. Rg3 Nxd3+ 24. Kd2 Nc5 25. Qd5 Nxe4+ 26. Kd3 Nxg3 27. fxg6 Qe2#
0-1

[Event "Challenge"]
[Site "http://www.queenalice.com/game.php?id=1423231"]
[Date "2016.5.16"]
[Round "-"]
[White "FV2000"]
[Black "Martial"]
[Result "0-1"]
[WhiteElo "1142"]
[BlackElo "1570"]

1. e4 e5 2. Nf3 Nc6 3. Bc4 d6 4. d3 Nf6 5. Bg5 h6 6. Bh4 g5 7. Bg3 d5 8. exd5 g4
9. Nh4 Nxd5 10. O-O Bc5 11. Nd2 f5 12. Ng6 Rg8 13. Nxe5 f4 14. Bxd5 fxg3 15.
hxg3 Nxe5 16. Bxg8 Qg5 17. Qe1 Be7 18. f4 Qxg8 19. Qxe5 c6 20. Rfe1 Qf7 21. Qh8+
Kd7 22. Qxh6 b5 23. Ne4 Bb7 24. c3 Qe6 25. Nc5+ Bxc5+ 26. d4 Bxd4+ 27. cxd4 Qxh6
28. Re4 Rh8 29. Rae1 c5 30. dxc5 Bxe4 0-1

[Event "Challenge"]
[Site "http://www.queenalice.com/game.php?id=1425744"]
[Date "2016.6.1"]
[Round "-"]
[White "ORNELAS"]
[Black "Martial"]
[Result "1-0"]
[WhiteElo "1714"]
[BlackElo "1518"]

1. Nf3 Nc6 2. c3 Nf6 3. d4 d5 4. Bg5 h6 5. Bh4 g5 6. Bg3 a6 7. Nbd2 g4 8. Ne5 e6
9. Nxc6 bxc6 10. Qa4 Bd7 11. e3 c5 12. Qc2 c6 13. dxc5 Bxc5 14. Bd3 h5 15. O-O-O
Qa5 16. Kb1 Rb8 17. Nb3 Qa4 18. Bxb8 Ke7 19. Be5 Ne4 20. Bxe4 dxe4 21. Bxh8 f5
22. Qd2 h4 23. Nxc5 Qb5 24. Qd6+ Kf7 25. Qxd7+ Kg8 26. Qg7# 1-0

[Event "Challenge"]
[Site "http://www.queenalice.com/game.php?id=1426822"]
[Date "2016.6.8"]
[Round "-"]
[White "FV2000"]
[Black "Martial"]
[Result "1-0"]
[WhiteElo "1142"]
[BlackElo "1542"]

1. e4 e5 2. Nf3 Nc6 3. Bc4 Nf6 4. d3 Bc5 5. Bg5 h6 6. Bh4 g5 7. Bg3 d6 8. Nc3 g4
9. Nh4 Be6 10. O-O Bxc4 11. dxc4 Bd4 12. Qd3 Nb4 13. Qd2 c5 14. Ne2 Nxe4 15. Qd1
Bxb2 16. Rb1 Bd4 17. a3 Nc6 18. Rxb7 Nc3 19. Qd3 e4 20. Qd2 Qa5 21. Bxd6 Rd8 22.
Nf5 Qa6 23. Rc7 Ne5 24. Ng7# 1-0

[Event "Challenge"]
[Site "http://www.queenalice.com/game.php?id=1427458"]
[Date "2016.6.13"]
[Round "-"]
[White "Martial"]
[Black "Numimbala"]
[Result "0-1"]
[WhiteElo "1508"]
[BlackElo "1534"]

1. e4 e6 2. d4 c6 3. Nc3 b5 4. d5 b4 5. Na4 d6 6. dxc6 Nxc6 7. a3 Nf6 8. Bd3 h5
9. Bg5 Qa5 10. b3 bxa3+ 11. Bd2 Qe5 12. Qf3 Qxa1+ 13. Ke2 Nd4+ 14. Ke3 Nxf3 15.
gxf3 Qb1 16. Bc3 Bd7 17. Bxf6 gxf6 18. h4 e5 19. Nc3 Qe1+ 20. Nce2 a2 21. f4
a1=Q 22. Kf3 Bg4+ 23. Kg3 Bh6 24. Kh2 Qxf2# 0-1

[Event "Challenge"]
[Site "http://www.queenalice.com/game.php?id=1427744"]
[Date "2016.6.16"]
[Round "-"]
[White "jamesxirb"]
[Black "Martial"]
[Result "1-0"]
[WhiteElo "1418"]
[BlackElo "1525"]

1. e4 e5 2. d4 Nc6 3. d5 Nb4 4. Bd2 Bc5 5. g3 Qf6 6. Be3 Bxe3 7. fxe3 Nh6 8. c3
Ng4 9. Qxg4 Nc2+ 10. Ke2 Nxa1 11. Bg2 d6 12. Qh5 O-O 13. Nf3 Bd7 14. Ng5 g6 15.
Qxh7# 1-0

[Event "Challenge"]
[Site "http://www.queenalice.com/game.php?id=1427912"]
[Date "2016.6.17"]
[Round "-"]
[White "Martial"]
[Black "FV2000"]
[Result "0-1"]
[WhiteElo "1508"]
[BlackElo "1137"]

1. Nf3 d5 2. Nc3 Nf6 3. b3 Bf5 4. Bb2 e6 5. g3 Bb4 6. e3 Nc6 7. Bb5 O-O 8. Bxc6
bxc6 9. a3 Ba5 10. b4 Bb6 11. Ne5 Qd6 12. Na4 h6 13. g4 Bh7 14. c4 Rfe8 15. Qf3
c5 16. bxc5 Bxc5 17. Nxc5 Qxc5 18. d3 Rab8 19. Bd4 Qa5+ 20. Ke2 Qa6 21. h4 Qb7
22. g5 hxg5 23. c5 gxh4 24. c6 Qa6 25. Nd7 Nxd7 26. Qg3 hxg3 27. Rhg1 Qxd3+ 28.
Ke1 Rb1+ 29. Rxb1 Qxb1+ 30. Ke2 Qxg1 31. fxg3 Be4 32. a4 Rb8 33. a5 Nc5 34. Kd2
Nb3+ 35. Kc3 Qc1# 0-1

[Event "Challenge"]
[Site "http://www.queenalice.com/game.php?id=1428640"]
[Date "2016.6.22"]
[Round "-"]
[White "jamesxirb"]
[Black "Martial"]
[Result "0-1"]
[WhiteElo "1474"]
[BlackElo "1481"]

1. e4 e5 2. d4 Qh4 3. Qd3 d6 4. Nf3 Qh5 5. h3 Nc6 6. g4 Qg6 7. Nh4 Qf6 8. g5 Qe7
9. c3 f6 10. g6 f5 11. Nxf5 Qf6 12. Qf3 exd4 13. Qh5 h6 14. Bc4 Ne5 15. Bxg8
Rxg8 16. Kf1 b6 17. Bf4 Ba6+ 18. Kg2 Rh8 19. Rd1 c5 20. cxd4 Nc4 21. b3 Na5 22.
Nc3 cxd4 23. Rxd4 Bd3 24. e5 Qxf5 25. Qh4 Qxg6+ 26. Kh2 Be7 27. Qg3 Qxg3+ 28.
fxg3 Bg5 29. Rxd3 Bxf4 30. gxf4 dxe5 31. fxe5 Nc6 32. Nb5 g5 33. Nc7+ Ke7 34.
Rad1 Rad8 35. Nd5+ Ke6 36. Rf3 Rxd5 37. Rxd5 Kxd5 38. Re3 Nxe5 39. Re1 Nf3+ 40.
Kg3 Nxe1 41. h4 gxh4+ 42. Kxh4 Ke5 43. a4 Kf5 44. Kh5 Ng2 45. b4 Nf4+ 46. Kh4
Rg8 47. b5 Rg4# 0-1

[Event "Challenge"]
[Site "http://www.queenalice.com/game.php?id=1430222"]
[Date "2016.7.3"]
[Round "-"]
[White "FV2000"]
[Black "Martial"]
[Result "1-0"]
[WhiteElo "1176"]
[BlackElo "1481"]

1. e4 e5 2. Nf3 Nc6 3. d3 Bb4+ 4. Nc3 Nf6 5. a3 Bxc3+ 6. bxc3 O-O 7. Bg5 d6 8.
d4 d5 9. exd5 Ne7 10. Bxf6 gxf6 11. dxe5 Nxd5 12. exf6 Re8+ 13. Be2 Bg4 14. h3
Bxf3 15. gxf3 Nxc3 16. Qxd8 Nxe2 17. Qxc7 Ng3+ 18. Kd2 Rad8+ 19. Kc1 Nxh1 20.
Qxb7 Nxf2 21. Qxa7 Rc8 22. Qxf2 Re6 23. Qd4 Rce8 24. a4 Re1+ 25. Kb2 R1e6 26.
Rg1+ Kf8 27. Qh4 h5 28. Qg5 Rb8+ 29. Kc1 Ke8 30. Rd1 Ra8 31. Qg8# 1-0

[Event "Challenge"]
[Site "http://www.queenalice.com/game.php?id=1433703"]
[Date "2016.7.29"]
[Round "-"]
[White "FV2000"]
[Black "Martial"]
[Result "1-0"]
[WhiteElo "1206"]
[BlackElo "1497"]

1. e4 e5 2. Nf3 Nc6 3. Nc3 Nf6 4. Bc4 Bb4 5. O-O Bxc3 6. bxc3 Nxe4 7. d3 Nxc3 8.
Qe1 Na4 9. h3 O-O 10. Nxe5 Qf6 11. Qe4 Nxe5 12. Bxf7+ Rxf7 13. Qxa4 Nf3+ 14.
gxf3 Qxa1 15. Qb3 Qf6 16. Qd5 Qxf3 17. Qg5 d6 18. Kh2 Qxh3+ 19. Kg1 Rf5 20. Qd8+
Rf8 21. Qxc7 Qg4+ 22. Kh2 Qh3+ 23. Kg1 Qf3 24. Bb2 Rf6 25. Bxf6 Qxf6 26. Re1
Qg6+ 27. Kf1 Bh3+ 28. Ke2 Re8+ 29. Kd2 Qg5+ 30. Re3 Rf8 31. Ke2 Qg4+ 32. f3 Qg2+
33. Kd1 Qg1+ 34. Re1 Qf2 35. Re7 Qxf3+ 36. Kc1 Qf1+ 37. Kb2 Rc8 38. Rxg7+ Kf8
39. Qe7# 1-0

[Event "Challenge"]
[Site "http://www.queenalice.com/game.php?id=1433860"]
[Date "2016.7.30"]
[Round "-"]
[White "marilena"]
[Black "Martial"]
[Result "0-1"]
[WhiteElo "1416"]
[BlackElo "1413"]

1. e3 e5 2. Bc4 d5 3. Bb5+ Bd7 4. Qe2 c6 5. Ba4 Nf6 6. c4 a6 7. Nf3 Bd6 8. d3
Qa5+ 9. Bd2 Qxa4 10. O-O dxc4 11. Na3 Bxa3 12. bxa3 e4 13. Ne5 Qxa3 14. Nxc4 Qc5
15. Na5 b5 16. f3 b4 17. Nb3 Qg5 18. f4 Qg6 19. Nc5 exd3 20. Nxd3 a5 21. a4 O-O
22. e4 Nxe4 23. h3 Ng3 24. Kf2 Nxe2 25. Kxe2 Qxg2+ 26. Nf2 Re8+ 27. Kd3 Bf5+ 28.
Kd4 c5+ 29. Kc4 Re2 30. Rad1 Rxf2 31. Be3 Qe4+ 32. Kb5 Bd7+ 33. Kb6 Qc6# 0-1

[Event "Challenge"]
[Site "http://www.queenalice.com/game.php?id=1434415"]
[Date "2016.8.2"]
[Round "-"]
[White "Martial"]
[Black "FV2000"]
[Result "0-1"]
[WhiteElo "1497"]
[BlackElo "1291"]

1. e4 e5 2. Nf3 Nc6 3. Bb5 Nf6 4. Bxc6 bxc6 5. O-O Bc5 6. d4 exd4 7. Nxd4 O-O 8.
Nc3 h6 9. e5 Nd5 10. Qg4 d6 11. Qg3 Bxd4 12. Bxh6 Bxe5 13. Qf3 gxh6 14. Nxd5 Qg5
15. Nxc7 Rb8 16. c3 d5 17. b4 Bxc7 18. h3 Qe5 19. Qg3+ Kh7 20. f4 Qg7 21. Qxg7+
Kxg7 22. g3 Bxh3 23. Rfe1 Rfe8 24. Kh2 Rxe1 25. Rxe1 Be6 26. a4 Kg6 27. Rf1 Kf5
28. a5 Ke4 29. Kg2 Kd3 30. Kf3 Kxc3 31. Rc1+ Kxb4 32. Rxc6 Bxa5 33. g4 d4 34. f5
Bd5+ 35. Kf4 Bxc6 36. g5 hxg5+ 37. Kxg5 Rg8+ 38. Kf6 Bd8+ 39. Kxf7 Bd5# 0-1

[Event "Challenge"]
[Site "http://www.queenalice.com/game.php?id=1438074"]
[Date "2016.8.27"]
[Round "-"]
[White "Martial"]
[Black "Lapoule"]
[Result "0-1"]
[WhiteElo "1455"]
[BlackElo "1260"]

1. e4 e5 2. Nf3 Nc6 3. Bb5 Nd4 4. Bc4 c6 5. Nxd4 exd4 6. Qf3 Qe7 7. d3 Nf6 8.
Bg5 Qb4+ 9. c3 Qxb2 10. Bxf6 d5 11. exd5 cxd5 12. Qxd5 Qc1+ 13. Ke2 Qb2+ 14. Nd2
gxf6 15. Qxf7+ Kd8 16. Qxf6+ Kc7 17. Qxh8 Bd6 18. Qxh7+ Bd7 19. cxd4 Re8+ 20.
Be6 Rxe6+ 21. Kd1 Qxa1+ 22. Kc2 Qxa2+ 23. Kc3 Bb4+ 24. Kxb4 Qxd2+ 25. Kc4 Qa2+
26. Kc5 Qa5+ 27. Kc4 Rc6+ 28. Kb3 Qb5+ 29. Ka2 Ra6# 0-1

[Event "Challenge"]
[Site "http://www.queenalice.com/game.php?id=1440018"]
[Date "2016.9.7"]
[Round "-"]
[White "FV2000"]
[Black "Martial"]
[Result "1-0"]
[WhiteElo "1392"]
[BlackElo "1431"]

1. e4 e5 2. Nf3 Nc6 3. Bc4 Nf6 4. Nc3 Bc5 5. d3 h6 6. O-O d6 7. Re1 Nd4 8. h3 b5
9. Bb3 a5 10. a3 a4 11. Ba2 b4 12. axb4 Bxb4 13. Bd5 c6 14. Bc4 d5 15. exd5 cxd5
16. Nxe5 O-O 17. Be3 dxc4 18. Nxc4 Be6 19. Bxd4 Nd5 20. Re5 Bxc3 21. bxc3 Nb4
22. Bc5 Nxc2 23. Qxc2 Re8 24. Nb6 Ra5 25. Rxa4 Rxc5 26. Rxc5 Bxh3 27. gxh3 Re1+
28. Kg2 Qxb6 29. d4 Qb7+ 30. d5 g5 31. Qf5 Qe7 32. Rc8+ Kg7 33. Raa8 f6 34. Rg8+
Kf7 35. Qh7# 1-0

[Event "Challenge"]
[Site "http://www.queenalice.com/game.php?id=1441144"]
[Date "2016.9.13"]
[Round "-"]
[White "jbugg"]
[Black "Martial"]
[Result "1-0"]
[WhiteElo "1420"]
[BlackElo "1473"]

1. e4 e5 2. Nf3 Nc6 3. Bc4 Nf6 4. Ng5 d5 5. exd5 Nxd5 6. d3 Bc5 7. Qf3 Be6 8.
Nxe6 Qf6 9. Nxc5 Qxf3 10. gxf3 Nf4 11. Bxf4 exf4 12. Nxb7 O-O 13. Bd5 Nd4 14.
Kd2 Rab8 15. Nc3 c6 16. Ne2 Nxe2 17. Bxc6 Nd4 18. Bd5 Nxf3+ 19. Bxf3 h6 20. Rab1
g5 21. Rbe1 h5 22. Re5 g4 23. Rg5+ Kh8 24. Rxh5+ Kg7 25. Rg5+ Kf6 26. Rxg4 Kf5
27. Re1 f6 28. Nd6# 1-0

[Event "Challenge"]
[Site "http://www.queenalice.com/game.php?id=1443272"]
[Date "2016.9.28"]
[Round "-"]
[White "Martial"]
[Black "jbugg"]
[Result "1-0"]
[WhiteElo "1429"]
[BlackElo "1471"]

1. e4 e5 2. Nf3 Nc6 3. Bb5 Nf6 4. Nc3 Qe7 5. O-O a6 6. Bxc6 dxc6 7. d4 exd4 8.
Qxd4 c5 9. Qc4 Be6 10. Nd5 Nxd5 11. exd5 Bf5 12. Re1 Be6 13. dxe6 f6 14. a3 b5
15. Qe4 Rd8 16. Qc6+ Rd7 17. Qxa6 Rd6 18. Qxb5+ c6 19. Qxc5 Qc7 20. Bf4 Rxe6 21.
Rxe6+ Kd7 22. Rd1+ Kxe6 23. Bxc7 Bxc5 24. b4 Ba7 25. Rd6+ Kf7 26. Rxc6 g5 27. b5
Rc8 28. Nd4 Bb8 29. b6 Bxc7 30. bxc7 Ke7 31. Rc3 Kd7 32. Nb5 h5 33. a4 Ra8 34.
h3 Kc8 35. Nd6+ Kd7 36. c8=Q+ Rxc8 37. Nxc8 Ke6 38. a5 1-0

[Event "Challenge"]
[Site "http://www.queenalice.com/game.php?id=1443727"]
[Date "2016.10.1"]
[Round "-"]
[White "Martial"]
[Black "FV2000"]
[Result "1-0"]
[WhiteElo "1447"]
[BlackElo "1468"]

1. e4 e5 2. Nf3 Nc6 3. Bb5 a6 4. Bxc6 bxc6 5. O-O Bb7 6. d3 Nf6 7. Nc3 Bb4 8.
Bd2 O-O 9. a3 Bc5 10. b4 Bb6 11. Bg5 h6 12. Bxf6 Qxf6 13. a4 a5 14. Qb1 d5 15.
b5 d4 16. Ne2 c5 17. Qb3 c6 18. bxc6 Bxc6 19. Qxb6 Qd6 20. Nxe5 Qxe5 21. Qxc6
Rfc8 22. Qb7 Qh5 23. Ng3 Qh4 24. Nf5 Qf4 25. Ne7+ 1-0

[Event "Challenge"]
[Site "http://www.queenalice.com/game.php?id=1443950"]
[Date "2016.10.3"]
[Round "-"]
[White "Vin100"]
[Black "Martial"]
[Result "1-0"]
[WhiteElo "1541"]
[BlackElo "1461"]

1. e4 e5 2. Nf3 Nc6 3. c3 Nf6 4. d3 Bc5 5. d4 Bd6 6. d5 Ne7 7. Bd3 O-O 8. b4 c5
9. a3 a5 10. b5 Qb6 11. a4 Ng4 12. O-O Ng6 13. h3 Nf6 14. g3 h5 15. Ng5 h4 16.
Nd2 hxg3 17. fxg3 Qc7 18. h4 Nh7 19. Ndf3 c4 20. Be2 Bc5+ 21. Kg2 f6 22. Nxh7
Kxh7 23. h5 Ne7 24. Bxc4 Bb6 25. Ba3 d6 26. Bd3 Qxc3 27. Bxd6 Bc5 28. Bxc5 Qb2+
29. Qc2 Qxc2+ 30. Bxc2 Kh6 31. Bxe7 Rf7 32. Bc5 Bg4 33. d6 Kxh5 34. Rh1+ Kg6 35.
Bb3 Rd7 36. Rh4 Rc8 37. Be3 f5 38. Nxe5+ 1-0

[Event "Challenge"]
[Site "http://www.queenalice.com/game.php?id=1444986"]
[Date "2016.10.10"]
[Round "-"]
[White "DAN1958"]
[Black "Martial"]
[Result "1-0"]
[WhiteElo "1486"]
[BlackElo "1477"]

1. e4 e5 2. Qh5 Nf6 3. Qxe5+ Qe7 4. Qxe7+ Bxe7 5. f3 d5 6. e5 Nfd7 7. d4 O-O 8.
Nc3 Bb4 9. a3 Bxc3+ 10. bxc3 h6 11. Rb1 Na6 12. Ne2 c5 13. Nf4 Nb6 14. dxc5 Nxc5
15. Be3 Bf5 16. Bxc5 Bxc2 17. Rb2 Ba4 18. Bxf8 Rxf8 19. Rb4 g5 20. Nh3 Re8 21.
f4 gxf4 22. Bb5 Rxe5+ 23. Kf2 a6 24. Bxa4 Nxa4 25. Rxa4 Kg7 26. Nxf4 Kf6 27. Re1
Kf5 28. Rxe5+ Kf6 29. Nd3 h5 30. Rxd5 Ke6 31. Rd8 Ke7 32. Rb8 b5 33. Rxa6 1-0

[Event "Challenge"]
[Site "http://www.queenalice.com/game.php?id=1445334"]
[Date "2016.10.12"]
[Round "-"]
[White "Martial"]
[Black "FV2000"]
[Result "1-0"]
[WhiteElo "1480"]
[BlackElo "1450"]

1. Nf3 d5 2. Nc3 Nf6 3. d3 Bf5 4. Bf4 a6 5. h3 e6 6. g4 Bg6 7. e4 Bb4 8. a3 Ba5
9. b4 Bb6 10. b5 O-O 11. g5 Nfd7 12. exd5 exd5 13. Nxd5 axb5 14. d4 Ba5+ 15. c3
c6 16. Ne3 Bxc3+ 17. Nd2 Bxa1 18. Qxa1 Qe7 19. d5 Rxa3 20. Qb2 Re8 21. d6 Rxe3+
22. fxe3 Qe6 23. h4 Qg4 24. Bh3 Qh5 25. Bxd7 Nxd7 26. Rf1 Qxh4+ 27. Ke2 Qg4+ 28.
Nf3 Nc5 29. Rd1 Qg2+ 30. Ke1 Qxb2 31. d7 Qc3+ 32. Ke2 Bd3+ 33. Kf2 Ne4+ 34. Kg2
Qc2+ 35. Rd2 Nxd2 36. dxe8=Q# 1-0

[Event "Challenge"]
[Site "http://www.queenalice.com/game.php?id=1445335"]
[Date "2016.10.12"]
[Round "-"]
[White "FV2000"]
[Black "Martial"]
[Result "0-1"]
[WhiteElo "1466"]
[BlackElo "1464"]

1. e4 e5 2. Nf3 Nc6 3. Bc4 Qf6 4. Nc3 Bc5 5. O-O d6 6. d3 Bg4 7. Nd5 Qd8 8. h3
Bh5 9. Qe2 Nd4 10. g4 Bg6 11. Ng5 c6 12. Nc3 Nxe2+ 13. Kh1 Nxc1 14. Raxc1 Qxg5
15. a3 Bxf2 16. Ne2 Qe3 17. Rxf2 Qxf2 18. Ng1 b5 19. Bb3 Qd4 20. Nf3 Qxb2 21.
Rf1 a5 22. Ng5 f6 23. Nf7 Bxf7 0-1

[Event "Challenge"]
[Site "http://www.queenalice.com/game.php?id=1447035"]
[Date "2016.10.23"]
[Round "-"]
[White "FV2000"]
[Black "Martial"]
[Result "1-0"]
[WhiteElo "1436"]
[BlackElo "1495"]

1. e3 e5 2. Nf3 Nc6 3. Bc4 Nf6 4. Nc3 Bc5 5. d3 d5 6. Bb3 a5 7. a3 b5 8. Nxb5 a4
9. Ba2 Ra5 10. Nc3 d4 11. Ne2 dxe3 12. Bxe3 Ng4 13. Qd2 O-O 14. h3 Nxe3 15. fxe3
Qf6 16. O-O-O e4 17. dxe4 Be6 18. Bxe6 Bxa3 19. Bxf7+ Rxf7 20. c3 Bc5 21. Rhf1
Rd7 22. Qxd7 Bxe3+ 23. Kb1 a3 24. Qe8+ Qf8 25. Qe6+ Qf7 26. Qxc6 axb2 27. Rd8+
Qf8 28. Qe6+ Kh8 29. Rxf8# 1-0